000 00699nam a2200253Ia 4500
003 OSt
005 20220918165318.0
006 a|||||r|||| 00| 0
007 ta
008 220917b |||||||| |||| 00| 0 eng d
020 _a19647518X
024 _a36,243
037 _cTextual
040 _aARTS
_cARTS
_beng
041 _2eng
_aeng
082 _aO122,2M38,AX, 111L0
100 _aDe Lisle -Adam Villiers
_923717
245 0 _aAxel tr by Marilyn Gaddis Rose
260 _aDublin
_bDoleman Press
_c1970
300 _axv,175p.
_ccm.
650 _aENGLISH LITERATURE
942 _hO122,2M38,AX, 111L0
_cTEXL
_2CC
999 _c129240
_d129240